[Event "San Francisco TNM Spring op"]
[Site "San Francisco"]
[Date "2013.04.30"]
[Round "7"]
[White "Persidsky, Andre"]
[Black "Matchen, George"]
[Result "1-0"]
[WhiteElo "1826"]
[BlackElo "1668"]
[PlyCount "49"]
[EventDate "2013.03.19"]
[EventType "swiss"]
[EventRounds "8"]
[EventCountry "USA"]
[SourceTitle "EXT 2016"]
[Source "ChessBase"]
[SourceDate "2015.10.08"]
[SourceVersion "1"]
[SourceVersionDate "2015.10.08"]
[SourceQuality "1"]

1. d4 d5 2. Nf3 Nf6 3. Bf4 e6 4. e3 Nh5 5. Bd3 Nxf4 6. exf4 c5 7. c4 Nc6 8. cxd5 exd5 9. Qe2+ Be7 10. dxc5 0-0 11. 0-0 Bg4 12. h3 Bxf3 13. Qxf3 Bf6 14. Nc3 Nb4 15. Bb1 Na6 16. Rd1 Nc7 17. Bc2 Bxc3 18. Qxc3 Qh4 19. Qd3 Rad8 20. f5 d4 21. Re1 Rfe8 22. Qf3 Nd5 23. Qxd5 Re3 24. Qxb7 Rxe1+ 25. Rxe1 1-0

[Event "San Francisco TNM Spring op"]
[Site "San Francisco"]
[Date "2013.04.10"]
[Round "4"]
[White "Otterbach, Renate"]
[Black "Persidsky, Andre"]
[Result "0-1"]
[WhiteElo "899"]
[BlackElo "1826"]
[PlyCount "78"]
[EventDate "2013.03.19"]
[EventType "swiss"]
[EventRounds "8"]
[EventCountry "USA"]
[SourceTitle "EXT 2016"]
[Source "ChessBase"]
[SourceDate "2015.10.08"]
[SourceVersion "1"]
[SourceVersionDate "2015.10.08"]
[SourceQuality "1"]

1. d4 d5 2. Nf3 Nf6 3. b3 e6 4. Bb2 Bd6 5. e3 0-0 6. Bd3 Nbd7 7. Nbd2 c5 8. c3 b6 9. 0-0 Bb7 10. Re1 Ne4 11. Bc2 Rc8 12. c4 f5 13. Nxe4 fxe4 14. Ne5 cxd4 15. exd4 Qc7 16. Qg4 Rf6 17. Re3 Nxe5 18. dxe5 Bxe5 19. Bxe5 Qxe5 20. Rd1 Rg6 21. Qh4 Qf6 22. Qh5 d4 23. Rh3 Rh6 24. Qg4 d3 25. Rxh6 Qxh6 26. Bb1 Rf8 27. a4 Qf6 28. h4 Qxf2+ 29. Kh2 Qf4+ 30. Qxf4 Rxf4 31. b4 Rxh4+ 32. Kg3 Rh5 33. Kg4 Rf5 34. Ba2 Kf7 35. Bb3 Rf2 36. g3 Rb2 37. Rf1+ Ke7 38. Kg5 Rxb3 39. b5 d2 0-1

[Event "San Francisco TNM Spring op"]
[Site "San Francisco"]
[Date "2013.04.02"]
[Round "3"]
[White "Hilliard, Michael"]
[Black "Persidsky, Andre"]
[Result "1/2-1/2"]
[WhiteElo "1429"]
[BlackElo "1826"]
[PlyCount "138"]
[EventDate "2013.03.19"]
[EventType "swiss"]
[EventRounds "8"]
[EventCountry "USA"]
[SourceTitle "EXT 2016"]
[Source "ChessBase"]
[SourceDate "2015.10.08"]
[SourceVersion "1"]
[SourceVersionDate "2015.10.08"]
[SourceQuality "1"]

1. d4 d5 2. Nf3 Nf6 3. e3 Bg4 4. c4 c6 5. Qb3 b6 6. Ne5 Bf5 7. cxd5 Nxd5 8. Nd2 Be6 9. Qc2 Qc8 10. Bd3 Nb4 11. Qb1 Nxd3+ 12. Qxd3 g6 13. 0-0 Bg7 14. Ndf3 f6 15. Nc4 0-0 16. b3 Qb7 17. Ba3 Re8 18. Rac1 Nd7 19. Ncd2 Rac8 20. Rc2 Bf7 21. Nc4 c5 22. Rd1 b5 23. Ncd2 b4 24. Bb2 a5 25. Nc4 Qa6 26. d5 Red8 27. e4 Nb6 28. Ne3 Qxd3 29. Rxd3 e6 30. d6 Rd7 31. e5 f5 32. Nd2 Ra7 33. f4 Nd7 34. a3 Bh6 35. g3 g5 36. Ng2 Nb6 37. Bd4 Nd7 38. Bb2 Ra6 39. Nc4 a4 40. Kf2 Bh5 41. Ne1 axb3 42. Rxb3 Bd1 43. Ke3 Bxc2 44. Nxc2 gxf4+ 45. gxf4 bxa3 46. Bxa3 Kf7 47. Rb7 Ke8 48. Ne1 Rb8 49. Rxb8+ Nxb8 50. Bxc5 Rc6 51. Nd3 Nd7 52. Kd4 Bxf4 53. Nxf4 Nxc5 54. Na5 Ra6 55. Nc4 Nb3+ 56. Kc3 Nc5 57. Kd4 Rc6 58. Na5 Rc8 59. Nc4 Nb3+ 60. Kd3 Kf7 61. h4 Nc5+ 62. Kd4 Nd7 63. h5 Rc5 64. Nd3 Rb5 65. Kc3 Kg7 66. Na3 Rb6 67. Nc4 Rc6 68. Kd4 Ra6 69. Nf4 Kf7 1/2-1/2

[Event "San Francisco TNM Spring op"]
[Site "San Francisco"]
[Date "2013.03.26"]
[Round "2"]
[White "Persidsky, Andre"]
[Black "Wong, Russell"]
[Result "0-1"]
[WhiteElo "1826"]
[BlackElo "2200"]
[PlyCount "97"]
[EventDate "2013.03.19"]
[EventType "swiss"]
[EventRounds "8"]
[EventCountry "USA"]
[SourceTitle "EXT 2016"]
[Source "ChessBase"]
[SourceDate "2015.10.08"]
[SourceVersion "1"]
[SourceVersionDate "2015.10.08"]
[SourceQuality "1"]

1. d4 Nf6 2. c4 c5 3. e3 e6 4. Nf3 b6 5. Nc3 Bb7 6. Bd3 Nc6 7. 0-0 d6 8. Qe2 Be7 9. b3 0-0 10. Bb2 cxd4 11. exd4 d5 12. Rad1 a6 13. cxd5 Nxd5 14. Nxd5 exd5 15. Rc1 Re8 16. Rfe1 Qd7 17. Qd1 Bb4 18. Rxe8+ Rxe8 19. Qc2 g6 20. a3 Bd6 21. h4 Bf4 22. Rd1 Rc8 23. Qe2 Re8 24. Qf1 b5 25. a4 bxa4 26. bxa4 Nb4 27. a5 Qc7 28. Ra1 Bc8 29. Be2 Qc2 30. Ba3 Rxe2 31. Bxb4 Bg4 32. Re1 Bxf3 33. gxf3 Rxe1 34. Qxe1 Qc1 35. Kg2 Qxe1 36. Bxe1 h5 37. Kh3 Kf8 38. Kg2 Ke7 39. Kf1 Kd7 40. Ke2 Kc6 41. Bc3 Kb5 42. Kd3 Ka4 43. Be1 Kb3 44. Bc3 Bc7 45. Bd2 Bd8 46. Ke3 Bxh4 47. Kf4 Bf6 48. Ke3 Kc4 49. f4 0-1

[Event "San Francisco TNM Summer op"]
[Site "San Francisco"]
[Date "2012.06.26"]
[Round "6"]
[White "Zhao, Art"]
[Black "Persidsky, Andre"]
[Result "1-0"]
[WhiteElo "2004"]
[BlackElo "1861"]
[PlyCount "103"]
[EventDate "2012.05.22"]
[EventType "swiss"]
[EventRounds "8"]
[EventCountry "USA"]
[SourceTitle "EXT 2014"]
[Source "ChessBase"]
[SourceDate "2013.11.20"]
[SourceVersion "1"]
[SourceVersionDate "2013.11.20"]
[SourceQuality "1"]

1. d4 d5 2. c4 c6 3. Nc3 Nf6 4. Nf3 e6 5. Bg5 Be7 6. e3 Nbd7 7. Bd3 0-0 8. 0-0 Re8 9. Re1 b6 10. Rc1 Bb7 11. cxd5 exd5 12. Qc2 Rc8 13. e4 dxe4 14. Nxe4 h6 15. Nxf6+ Nxf6 16. Bh4 c5 17. Bf5 Bxf3 18. Bxf6 Bxf6 19. Bxc8 Qxc8 20. gxf3 Bxd4 21. Qa4 Re6 22. Rxe6 Qxe6 23. Qxa7 Bxb2 24. Rf1 Qg6+ 25. Kh1 Qc6 26. Qb8+ Kh7 27. Qf4 c4 28. Re1 c3 29. Re2 Qb5 30. Qe4+ f5 31. Qc2 Qd5 32. Kg2 b5 33. Qb3 Qxb3 34. axb3 Bc1 35. Re5 Bf4 36. Rc5 b4 37. Rc4 Bd2 38. Kf1 Kg6 39. Ke2 Bg5 40. Rc7 Bf4 41. Rc6+ Kg5 42. Kd3 Bxh2 43. Rb6 Kf4 44. Ke2 Ke5 45. Rxb4 Bf4 46. Kd3 Bd2 47. Rb8 Kd5 48. Rg8 Kc5 49. Rxg7 Kb4 50. Kc2 Be1 51. Rf7 Bxf2 52. Rxf5 1-0

[Event "San Francisco TNM Summer op"]
[Site "San Francisco"]
[Date "2012.05.29"]
[Round "2"]
[White "Gaffagan, Steven"]
[Black "Persidsky, Andre"]
[Result "1-0"]
[WhiteElo "2047"]
[BlackElo "1861"]
[PlyCount "47"]
[EventDate "2012.05.22"]
[EventType "swiss"]
[EventRounds "8"]
[EventCountry "USA"]
[SourceTitle "EXT 2014"]
[Source "ChessBase"]
[SourceDate "2013.11.20"]
[SourceVersion "1"]
[SourceVersionDate "2013.11.20"]
[SourceQuality "1"]

1. e4 c5 2. Nf3 d6 3. d4 cxd4 4. Nxd4 Nf6 5. Nc3 a6 6. Be3 Nc6 7. Bc4 e6 8. Bb3 Be7 9. Qe2 Qc7 10. 0-0-0 0-0 11. g4 b5 12. g5 Nd7 13. Rhg1 Bb7 14. Rg3 Nc5 15. Rh3 Nxb3+ 16. axb3 g6 17. Qg4 Kg7 18. Qxe6 Bc8 19. Nd5 Qb7 20. Nf5+ Kh8 21. Nf6 h5 22. Nxh5 Kg8 23. Nf6+ Bxf6 24. Qxf6 1-0

[Event "San Francisco TNM Spring op"]
[Site "San Francisco"]
[Date "2012.04.03"]
[Round "4"]
[White "Anderson, Michael Gene"]
[Black "Persidsky, Andre"]
[Result "1-0"]
[WhiteElo "1908"]
[BlackElo "1795"]
[PlyCount "49"]
[EventDate "2012.03.13"]
[EventType "swiss"]
[EventRounds "8"]
[EventCountry "USA"]
[SourceTitle "EXT 2014"]
[Source "ChessBase"]
[SourceDate "2013.11.20"]
[SourceVersion "1"]
[SourceVersionDate "2013.11.20"]
[SourceQuality "1"]

1. e4 c5 2. d4 cxd4 3. c3 dxc3 4. Nxc3 Nc6 5. Nf3 d6 6. Bc4 Nf6 7. e5 dxe5 8. Qxd8+ Nxd8 9. Nb5 Rb8 10. Nxe5 e6 11. Nc7+ Ke7 12. Be3 b6 13. 0-0-0 Nd7 14. Bf4 Nxe5 15. Bxe5 Nc6 16. Bd6+ Kd7 17. Nb5 Bxd6 18. Rxd6+ Ke7 19. Rxc6 a6 20. Rc7+ Bd7 21. Rd1 Rhd8 22. Nc3 b5 23. Be2 Rbc8 24. Rxc8 Rxc8 25. Kb1 1-0

[Event "San Francisco TNM Spring op"]
[Site "San Francisco"]
[Date "2012.03.27"]
[Round "3"]
[White "Persidsky, Andre"]
[Black "Flores Gomez, David"]
[Result "1-0"]
[WhiteElo "1795"]
[BlackElo "1588"]
[PlyCount "87"]
[EventDate "2012.03.13"]
[EventType "swiss"]
[EventRounds "8"]
[EventCountry "USA"]
[SourceTitle "EXT 2014"]
[Source "ChessBase"]
[SourceDate "2013.11.20"]
[SourceVersion "1"]
[SourceVersionDate "2013.11.20"]
[SourceQuality "1"]

1. d4 d5 2. c4 e6 3. Nc3 Nf6 4. Nf3 Ne4 5. e3 f5 6. Bd3 Be7 7. 0-0 0-0 8. Ne5 Nd7 9. Nxd7 Qxd7 10. Ne2 Bh4 11. f3 Nd6 12. c5 Nf7 13. f4 Bf6 14. Kh1 Kh8 15. Ng1 g5 16. fxg5 Nxg5 17. Nf3 Ne4 18. Bxe4 dxe4 19. Nd2 b6 20. Qc2 Ba6 21. Rf2 Qg7 22. b4 Rg8 23. Bb2 Rae8 24. Nc4 Qg5 25. Re1 Qh5 26. Rff1 Re7 27. a4 b5 28. Na3 bxa4 29. b5 Bc8 30. Nc4 h6 31. Ra1 Kh7 32. Rxa4 Bd7 33. c6 Be8 34. Rxa7 Reg7 35. Rg1 Qh3 36. Ra8 Qh4 37. b6 cxb6 38. Nd6 Bd8 39. Nxe8 Rxe8 40. d5 exd5 41. Bxg7 Kxg7 42. c7 Bxc7 43. Qxc7+ Re7 44. Qd8 1-0

[Event "San Francisco TNM Spring op"]
[Site "San Francisco"]
[Date "2011.04.19"]
[Round "6"]
[White "Persidsky, Andre"]
[Black "Nelson, Christopher"]
[Result "1-0"]
[WhiteElo "1799"]
[BlackElo "1524"]
[PlyCount "114"]
[EventDate "2011.03.15"]
[EventType "swiss"]
[EventRounds "8"]
[EventCountry "USA"]
[SourceTitle "EXT 2012"]
[Source "ChessBase"]
[SourceDate "2011.11.24"]
[SourceVersion "1"]
[SourceVersionDate "2011.11.24"]
[SourceQuality "1"]

1. d4 f5 2. c4 e6 3. Nc3 Nf6 4. Nf3 Be7 5. g3 0-0 6. Bg2 c6 7. 0-0 d5 8. b3 Ne4 9. Bb2 Qc7 10. Rc1 Nxc3 11. Bxc3 Nd7 12. Ne5 Nxe5 13. dxe5 dxc4 14. bxc4 Bc5 15. Qc2 Bd7 16. Rcd1 Rad8 17. Kh1 Bb6 18. Bb4 c5 19. Bc3 Bc6 20. f3 Qf7 21. f4 Qe8 22. Rxd8 Bxg2+ 23. Kxg2 Qc6+ 24. Kg1 Rxd8 25. Rd1 h5 26. Rd3 Bc7 27. Qd2 Qe8 28. Rxd8 Qxd8 29. Kf2 Qxd2 30. Bxd2 Kf7 31. Kf3 Bd8 32. e4 g6 33. h3 a6 34. a4 Kg7 35. g4 Kf7 36. Be3 b6 37. exf5 exf5 38. Bf2 Ke6 39. gxh5 gxh5 40. a5 Kd7 41. axb6 Bxb6 42. Kg3 Bd8 43. Bxc5 h4+ 44. Kf3 Kc6 45. Ba3 Bb6 46. e6 Kc7 47. c5 Ba5 48. e7 Kd7 49. c6+ Ke8 50. Bd6 Bb6 51. c7 Bxc7 52. Bxc7 Kxe7 53. Ke3 Kd7 54. Ba5 Kc6 55. Kd4 Kb5 56. Bd8 a5 57. Bxa5 Kxa5 1-0

[Event "San Francisco TNM Spring op"]
[Site "San Francisco"]
[Date "2011.03.23"]
[Round "2"]
[White "Persidsky, Andre"]
[Black "Grey, Peter G"]
[Result "0-1"]
[WhiteElo "1799"]
[BlackElo "2003"]
[PlyCount "80"]
[EventDate "2011.03.15"]
[EventType "swiss"]
[EventRounds "8"]
[EventCountry "USA"]
[SourceTitle "EXT 2012"]
[Source "ChessBase"]
[SourceDate "2011.11.24"]
[SourceVersion "1"]
[SourceVersionDate "2011.11.24"]
[SourceQuality "1"]

1. d4 Nf6 2. c4 g6 3. g3 Bg7 4. Bg2 0-0 5. Nc3 d6 6. Nf3 Nbd7 7. 0-0 e5 8. dxe5 dxe5 9. e4 c6 10. Qe2 Qe7 11. Rb1 a5 12. b3 Re8 13. Bb2 Nh5 14. Rbd1 Nf8 15. Bc1 Ne6 16. Be3 Nc5 17. Bc1 Qc7 18. Ba3 Bf8 19. Qe3 b6 20. Na4 Nxa4 21. bxa4 Rd8 22. Bxf8 Rxf8 23. c5 Rb8 24. cxb6 Rxb6 25. Nxe5 Rb4 26. Qc5 Rxa4 27. Nxc6 Kg7 28. Qc3+ f6 29. Qb3 Qxc6 30. e5 Qc4 31. exf6+ Nxf6 32. Qe3 Rxa2 33. Rd6 a4 34. Rc6 Qb3 35. Rc7+ Bd7 36. Qe5 Rf7 37. Rc5 Qb2 38. Rc3 Ra1 39. Bd5 Rxf1+ 40. Kxf1 Qb5+ 0-1

[Event "San Francisco TNM Summer op"]
[Site "San Francisco"]
[Date "2009.06.16"]
[Round "4"]
[White "Persidsky, Andre"]
[Black "Nelson, Christopher"]
[Result "1-0"]
[WhiteElo "1855"]
[BlackElo "1398"]
[PlyCount "74"]
[EventDate "2009.05.26"]
[EventType "swiss"]
[EventRounds "8"]
[EventCountry "USA"]
[SourceTitle "EXT 2012"]
[Source "ChessBase"]
[SourceDate "2011.11.24"]
[SourceVersion "1"]
[SourceVersionDate "2011.11.24"]
[SourceQuality "1"]

1. d4 f5 2. c4 e6 3. Nc3 Nf6 4. Nf3 Be7 5. g3 0-0 6. Bg2 c6 7. 0-0 Na6 8. d5 Qc7 9. dxe6 dxe6 10. Bf4 Qb6 11. Qc2 Nh5 12. Na4 Qd8 13. Rad1 Qe8 14. Be5 Nb4 15. Qb3 c5 16. Bd6 Na6 17. Ne5 Bxd6 18. Rxd6 Qe7 19. Rxa6 Qc7 20. Nd3 b6 21. Rxb6 Bd7 22. Bxa8 Bxa4 23. Qxa4 Qxb6 24. Bf3 Nf6 25. Qc6 Re8 26. Qxc5 Qa6 27. Nb4 Qa4 28. Bc6 Rc8 29. Bxa4 Rxc5 30. Bb5 Kf7 31. Rd1 g5 32. f3 Kg6 33. Kf2 h5 34. Nd3 Rc7 35. Ne5+ Kh6 36. Rd6 g4 37. Rxe6 Kg5 1-0

[Event "San Francisco TNM Fall op"]
[Site "San Francisco"]
[Date "2008.12.09"]
[Round "9"]
[White "Persidsky, Andre"]
[Black "Livschitz, Jennifer"]
[Result "1-0"]
[WhiteElo "1828"]
[BlackElo "1637"]
[PlyCount "85"]
[EventDate "2008.10.14"]
[EventType "swiss"]
[EventRounds "10"]
[EventCountry "USA"]
[SourceTitle "EXT 2012"]
[Source "ChessBase"]
[SourceDate "2011.11.24"]
[SourceVersion "1"]
[SourceVersionDate "2011.11.24"]
[SourceQuality "1"]

1. d4 d5 2. c4 e6 3. Nc3 Nf6 4. Nf3 Be7 5. Bg5 0-0 6. e3 h6 7. Bh4 b6 8. cxd5 exd5 9. Bd3 Bb7 10. 0-0 Ne4 11. Bxe7 Qxe7 12. Ne5 Nd7 13. f4 c5 14. Nxd7 Qxd7 15. dxc5 Nxc5 16. Be2 Qe6 17. Qd4 Rfe8 18. Rf3 Ne4 19. Bd3 Qf6 20. Bxe4 Qxd4 21. Bh7+ Kxh7 22. exd4 Kg6 23. g4 Re7 24. Kf2 a6 25. Re1 Rxe1 26. Kxe1 b5 27. Re3 Rd8 28. Re7 Bc8 29. h3 Rd6 30. Re5 Bb7 31. Kf2 Bc6 32. b4 f6 33. f5+ Kf7 34. Re3 Bb7 35. a3 Bc8 36. Ne2 Rc6 37. Rc3 Rxc3 38. Nxc3 g6 39. fxg6+ Kxg6 40. Nxd5 Kg5 41. Kg3 f5 42. h4+ Kg6 43. Ne7+ 1-0

[Event "San Francisco TNM Fall op"]
[Site "San Francisco"]
[Date "2008.12.02"]
[Round "8"]
[White "Royzen, Igor"]
[Black "Persidsky, Andre"]
[Result "0-1"]
[WhiteElo "1767"]
[BlackElo "1828"]
[PlyCount "84"]
[EventDate "2008.10.14"]
[EventType "swiss"]
[EventRounds "10"]
[EventCountry "USA"]
[SourceTitle "EXT 2012"]
[Source "ChessBase"]
[SourceDate "2011.11.24"]
[SourceVersion "1"]
[SourceVersionDate "2011.11.24"]
[SourceQuality "1"]

1. d4 d5 2. Nf3 Nf6 3. Bf4 e6 4. e3 Bd6 5. Bg3 0-0 6. Nbd2 b6 7. Bd3 c5 8. c3 Qe7 9. Ne5 Bb7 10. f4 Nbd7 11. 0-0 Rac8 12. Qf3 Ne8 13. Qh5 g6 14. Qh6 f6 15. Bh4 Nb8 16. Bxg6 Qg7 17. Bf7+ Rxf7 18. Nxf7 Kxf7 19. Qh5+ Qg6 20. Qf3 Ng7 21. g4 Nf5 22. Bg3 Nxg3 23. Qxg3 Rg8 24. h3 Ke7 25. Rf2 h5 26. Rg2 Nd7 27. Nf3 Ba6 28. Rd1 Qg7 29. Rdd2 Qh7 30. Qh4 Qb1+ 31. Kh2 hxg4 32. Rxg4 Rxg4 33. Qxg4 Qh7 34. Qg1 Qe4 35. Qg7+ Kd8 36. Qh8+ Kc7 37. Ne5 fxe5 38. fxe5 Bf8 39. Rf2 Qxe3 40. Rf7 Qh6 41. Rh7 Qf4+ 42. Kg2 Bd3 0-1

[Event "San Francisco TNM Fall op"]
[Site "San Francisco"]
[Date "2008.11.04"]
[Round "4"]
[White "Persidsky, Andre"]
[Black "Petty, David A"]
[Result "0-1"]
[WhiteElo "1828"]
[BlackElo "1990"]
[PlyCount "108"]
[EventDate "2008.10.14"]
[EventType "swiss"]
[EventRounds "10"]
[EventCountry "USA"]
[SourceTitle "EXT 2012"]
[Source "ChessBase"]
[SourceDate "2011.11.24"]
[SourceVersion "1"]
[SourceVersionDate "2011.11.24"]
[SourceQuality "1"]

1. d4 d5 2. c4 e6 3. Nc3 Nf6 4. Nf3 c6 5. e3 Nbd7 6. Bd3 Bd6 7. Bd2 0-0 8. c5 Bb8 9. b4 Re8 10. 0-0 e5 11. dxe5 Nxe5 12. Nxe5 Bxe5 13. f4 Bxc3 14. Bxc3 Rxe3 15. Qd2 Re8 16. Qb2 b6 17. Rf3 bxc5 18. bxc5 Bd7 19. Be5 Kh8 20. Rg3 Rg8 21. Qd4 Qe7 22. Rb1 Bc8 23. Bd6 Qe8 24. Re3 Qd7 25. Re7 Qg4 26. Rxf7 Bf5 27. Bxf5 Qxf5 28. Re1 Qg6 29. Rfe7 Rge8 30. Rxe8+ Rxe8 31. Rxe8+ Nxe8 32. Qb4 Kg8 33. Be5 h6 34. Qb8 Kh7 35. Qxa7 Nf6 36. Bxf6 Qxf6 37. Qa4 Qc3 38. Kf2 Qxc5+ 39. Ke2 Qc3 40. Qd1 Kg8 41. Qd3 Qb2+ 42. Qd2 Qa3 43. Qc2 c5 44. Qf5 Qxa2+ 45. Kf3 Qa8 46. Qe6+ Kh8 47. g4 d4+ 48. Ke2 Qg2+ 49. Kd3 Qf1+ 50. Kc2 Qxf4 51. Qc8+ Kh7 52. Qxc5 Qxh2+ 53. Kd3 Qg3+ 54. Kxd4 Qf2+ 0-1

[Event "San Francisco TNM Fall op"]
[Site "San Francisco"]
[Date "2008.10.28"]
[Round "3"]
[White "Lee, Andy C"]
[Black "Persidsky, Andre"]
[Result "1-0"]
[WhiteElo "2259"]
[BlackElo "1828"]
[PlyCount "51"]
[EventDate "2008.10.14"]
[EventType "swiss"]
[EventRounds "10"]
[EventCountry "USA"]
[SourceTitle "EXT 2012"]
[Source "ChessBase"]
[SourceDate "2011.11.24"]
[SourceVersion "1"]
[SourceVersionDate "2011.11.24"]
[SourceQuality "1"]

1. d4 d5 2. c4 e6 3. Nc3 Nf6 4. cxd5 exd5 5. Bg5 Be7 6. e3 Nbd7 7. Bd3 0-0 8. Nge2 b6 9. 0-0 Bb7 10. Rc1 Re8 11. Ng3 h6 12. Bf4 c5 13. Nb5 g5 14. Bc7 Qc8 15. Bd6 Qc6 16. Nf5 Bxd6 17. Nbxd6 Re6 18. Nxh6+ Kf8 19. Ndf5 Ne8 20. Qh5 Rg6 21. f4 Nef6 22. Qh3 Ne4 23. Bxe4 dxe4 24. Nxf7 Kxf7 25. Qh7+ Kf8 26. fxg5 1-0

[Event "San Francisco Chernev Memorial"]
[Site "San Francisco"]
[Date "2008.09.09"]
[Round "6"]
[White "Manvelyan, Hayk"]
[Black "Persidsky, Andre"]
[Result "1-0"]
[WhiteElo "1874"]
[BlackElo "1818"]
[PlyCount "38"]
[EventDate "2008.08.05"]
[EventType "swiss"]
[EventRounds "8"]
[EventCountry "USA"]
[SourceTitle "CBM 126 Extra"]
[Source "ChessBase"]
[SourceDate "2008.11.05"]
[SourceVersion "1"]
[SourceVersionDate "2008.11.05"]
[SourceQuality "1"]

1. e4 d6 2. d4 Nf6 3. Nc3 g6 4. g3 b6 5. Bg2 Bb7 6. Nge2 Bg7 7. 0-0 c6 8. f4 0-0 9. h3 Qc7 10. g4 e5 11. f5 exd4 12. Nxd4 Nfd7 13. Be3 a6 14. Qd2 Rd8 15. Bg5 Re8 16. f6 Bh8 17. Bh4 c5 18. Nde2 Ne5 19. Nd5 Nbc6 1-0

[Event "San Francisco Chernev Memorial"]
[Site "San Francisco"]
[Date "2008.09.02"]
[Round "5"]
[White "Grey, Peter G"]
[Black "Persidsky, Andre"]
[Result "0-1"]
[WhiteElo "2000"]
[BlackElo "1818"]
[PlyCount "57"]
[EventDate "2008.08.05"]
[EventType "swiss"]
[EventRounds "8"]
[EventCountry "USA"]
[SourceTitle "CBM 126 Extra"]
[Source "ChessBase"]
[SourceDate "2008.11.05"]
[SourceVersion "1"]
[SourceVersionDate "2008.11.05"]
[SourceQuality "1"]

1. e4 d6 2. d4 Nf6 3. Nc3 g6 4. f4 Bg7 5. Nf3 b6 6. Bd3 Bb7 7. 0-0 0-0 8. Qe1 e6 9. e5 Nfd7 10. Ne4 dxe5 11. fxe5 Nc6 12. Bg5 Ne7 13. Qh4 Re8 14. g4 Bxe4 15. Bxe4 Rc8 16. Bf6 h6 17. g5 h5 18. Qf2 c5 19. d5 exd5 20. Bxd5 Bxf6 21. gxf6 Nxd5 22. Qd2 Nxe5 23. Nxe5 Rxe5 24. Qh6 Qf8 25. Qd2 Rce8 26. Rad1 Ne3 27. Z0 Nxf1 28. Rxf1 Re2 29. Qd3 0-1

[Event "San Francisco Chernev Memorial"]
[Site "San Francisco"]
[Date "2008.08.26"]
[Round "4"]
[White "Persidsky, Andre"]
[Black "Cole, Tony"]
[Result "1-0"]
[WhiteElo "1818"]
[BlackElo "1292"]
[PlyCount "93"]
[EventDate "2008.08.05"]
[EventType "swiss"]
[EventRounds "8"]
[EventCountry "USA"]
[SourceTitle "CBM 126 Extra"]
[Source "ChessBase"]
[SourceDate "2008.11.05"]
[SourceVersion "1"]
[SourceVersionDate "2008.11.05"]
[SourceQuality "1"]

1. d4 d5 2. Nf3 Nf6 3. Bg5 Ne4 4. Bh4 Nc6 5. e3 a6 6. c4 Be6 7. Nbd2 Bf5 8. cxd5 Qxd5 9. Bc4 Qa5 10. 0-0 e6 11. Nxe4 Bxe4 12. Ng5 Be7 13. Nxe4 Bxh4 14. Qg4 Bf6 15. Nxf6+ gxf6 16. Qg7 0-0-0 17. Qxf7 Qg5 18. Qxe6+ Kb8 19. Be2 h5 20. Bf3 f5 21. Bxc6 Rd6 22. Qe5 Rg8 23. Bf3 h4 24. h3 Qg6 25. Rac1 Re8 26. Qf4 Qf6 27. Rc3 Kc8 28. Rfc1 Re7 29. Rc5 Kd8 30. Rxf5 Qe6 31. Rf8+ Re8 32. Qg5+ Qe7 33. Qxe7+ Kxe7 34. Rxe8+ Kxe8 35. Rxc7 Kd8 36. Rxb7 Kc8 37. Rb3 Kc7 38. d5 Rh6 39. e4 Rh7 40. e5 Rh6 41. d6+ Kd7 42. Bg4+ Ke8 43. d7+ Ke7 44. Rb8 Rh8 45. Rxh8 a5 46. d8Q+ Kf7 47. Qf6# 1-0

[Event "San Francisco Chernev Memorial"]
[Site "San Francisco"]
[Date "2008.08.12"]
[Round "2"]
[White "Livschitz, Louiza"]
[Black "Persidsky, Andre"]
[Result "1-0"]
[WhiteElo "1992"]
[BlackElo "1818"]
[PlyCount "60"]
[EventDate "2008.08.05"]
[EventType "swiss"]
[EventRounds "8"]
[EventCountry "USA"]
[SourceTitle "CBM 126 Extra"]
[Source "ChessBase"]
[SourceDate "2008.11.05"]
[SourceVersion "1"]
[SourceVersionDate "2008.11.05"]
[SourceQuality "1"]

1. e4 c5 2. Nf3 Nc6 3. d4 cxd4 4. Nxd4 d6 5. Nc3 Nf6 6. Be3 a6 7. f3 g6 8. Qd2 h5 9. 0-0-0 Bg7 10. Nxc6 bxc6 11. e5 Nd5 12. Nxd5 cxd5 13. Qxd5 Be6 14. Qc6+ Bd7 15. Qe4 Bxe5 16. Bd4 Bxd4 17. Qxd4 0-0 18. Bc4 Qc7 19. g4 Rfc8 20. Bb3 Rab8 21. Qd3 Kf8 22. Qd4 Kg8 23. Qe4 Kf8 24. Rhe1 Bc6 25. Qe3 hxg4 26. fxg4 e6 27. Qh6+ Kg8 28. Rd3 a5 29. Rh3 f5 30. Qh8+ Kf7 1-0